| 000 | 00344 a2200157 4500 | ||
|---|---|---|---|
| 001 | 164700 | ||
| 020 | _a | ||
| 040 | _cMagnum | ||
| 100 | _aBrener, Jayme | ||
| 240 | 1 | 0 |
_aRegimes politicos: uma viagem _lpor |
| 245 | 1 | 0 | _aRegimes politicos: uma viagem |
| 362 | 0 | _a1899 | |
| 440 | 1 | _aScipione | |
| 697 | _aORGANIZACAO SOCIAL | ||
| 942 | _cBK | ||
| 999 |
_c164700 _d164700 |
||